Controlling v bankovnictví: současné trendy
Úloha controllingu v bankách. Zobrazenie obchodných modelov. Controlling produktivity a zvyšovanie efektívnosti. Strategický ciel controllingu a finančnej architektúry.
Saved in:
| Main Author: | |
|---|---|
| Format: | Book Chapter |
| Language: | Czech |
| Subjects: | |
| Tags: |
No Tags, Be the first to tag this record!
|
MARC
| LEADER | 00000naa$a2200000$$$4500 | ||
|---|---|---|---|
| 001 | 0086383 | ||
| 005 | 20231010095412.3 | ||
| 041 | 0 | |a cze | |
| 044 | |a CZ | ||
| 245 | 1 | 0 | |a Controlling v bankovnictví: současné trendy |c Helge Böschenbröker |
| 520 | |a Úloha controllingu v bankách. Zobrazenie obchodných modelov. Controlling produktivity a zvyšovanie efektívnosti. Strategický ciel controllingu a finančnej architektúry. | ||
| 610 | 2 | 0 | |a bankovníctvo |
| 610 | 2 | 0 | |a kontroling |
| 610 | 2 | 0 | |a Česko |
| 610 | 2 | 0 | |a efektívnosť |
| 610 | 2 | 0 | |a produktivita |
| 100 | 1 | |a Böschenbröker, Helge | |